[Adhesiu de propaganda política pel referéndum per l’Estatut a l’Octubre de 1979]

Publicado: [Barcelona] : [Generalitat de Catalunya] , 1978
Descripción Física: 1 adhesiu ; 13 x 8 cm

MARC

LEADER 00000nam a2200000Ia 4500
001 24468
008 160829s1978 xx 000 0 cat d
080 |a NBM-11-9 
245 |a [Adhesiu de propaganda política pel referéndum per l’Estatut a l’Octubre de 1979] 
260 |a [Barcelona] :  |b [Generalitat de Catalunya],  |c 1978 
300 |a 1 adhesiu ;  |c 13 x 8 cm 
710 1 |a Catalunya.  |b Generalitat  |9 12125 
901 |a Arxiu 
942 |n 1 
952 |0 0  |1 0  |4 0  |6 NBM119  |7 1  |9 55153  |a Arxiu  |b Arxiu  |d 2016-12-01  |l 0  |o NBM-11-9  |p 24468  |r 2016-12-01 00:00:00  |w 2016-12-01  |y ARXIU 
999 |c 59025  |d 59025